Vlaggen van het Koninkrijk der Nederlanden - Statistieken

Algemene statistieken
  • Deze quiz is 372 keer genomen
  • De gemiddelde score is 14 van 24
Antwoordstatistieken
Foto Hint Antwoord % Correct
Land Nederland
100%
Provincie Friesland
78%
Land Curaçao
74%
Gemeente Amsterdam
71%
Land Aruba
68%
Provincie Zeeland
68%
Provincie Noord-Brabant
67%
Provincie Groningen
62%
Provincie Limburg
61%
Land Sint-Maarten
59%
Provincie Zuid-Holland
58%
Provincie Noord-Holland
56%
Provincie Overijssel
56%
Provincie Drenthe
55%
Gemeente Rotterdam
54%
Provincie Utrecht
54%
Provincie Flevoland
53%
Provincie Gelderland
53%
Eiland/Gemeente Texel
53%
Bijzondere gemeente Bonaire
49%
Bijzondere gemeente Saba
37%
Bijzondere gemeente Sint Eustatius
30%
Historisch land Suriname
19%
Historisch land Nederlandse Antillen
16%
Geen overeenkomende quizzen gevonden
Scoreverdeling
Procent van Mensen met Elke Score
Percentiel versus Aantal Correcte Antwoorden
Uw Scoregeschiedenis
U heeft deze quiz nog niet genomen